[Event "TUR Cup"]
[Site "Denizli"]
[Date "2023.07.17"]
[Round "2"]
[White "Durmaz, Ferhat"]
[Black "Saka, Irfan"]
[Result "1-0"]
[WhiteElo "1523"]
[BlackElo "1756"]
[PlyCount "247"]
[EventDate "2023.07.16"]
[EventType "team-tourn"]
[EventRounds "9"]
[EventCountry "TUR"]
[SourceTitle "CBM 215 Extra"]
[Source "ChessBase"]
[SourceDate "2023.09.30"]
[SourceVersion "1"]
[SourceVersionDate "2023.09.30"]
[SourceQuality "1"]

1. d4 d5 2. c4 e6 3. Nc3 c6 4. e3 Nf6 5. Nf3 Nbd7 6. Qb3 Be7 7. Bd3 0-0 8. 0-0 dxc4 9. Qxc4 c5 10. Bc2 Nb6 11. Qd3 cxd4 12. Ne4 Nxe4 13. Qxe4 f5 14. Qxd4 Bf6 15. Qxd8 Rxd8 16. Rb1 Bd7 17. Nd4 Rac8 18. Bb3 Nc4 19. Rd1 e5 20. Nf3 Kf8 21. Bd2 Nxd2 22. Rxd2 Ke7 23. Rbd1 Bc6 24. Kf1 Rxd2 25. Rxd2 Bb5+ 26. Ke1 Rc1+ 27. Rd1 Rc5 28. Rd5 Rxd5 29. Bxd5 b6 30. Nd2 Kd6 31. Bg8 h6 32. Bh7 Bd7 33. Kd1 e4 34. b3 h5 35. g3 Ke6 36. Bg8+ Ke7 37. Bc4 b5 38. Bd5 Be8 39. Kc2 Kd6 40. Bg8 Kc5 41. Be6 g6 42. Nb1 Kd6 43. Bg8 g5 44. Nc3 Ke5 45. Ne2 Be7 46. Kc3 a5 47. Kc2 Bf8 48. Kd2 Bb4+ 49. Nc3 h4 50. Kc2 h3 51. Nd1 Bd7 52. Nc3 f4 53. Bh7 Bc6 54. Kd2 fxg3 55. fxg3 a4 56. Kc2 Bc5 57. Nd1 a3 58. Kc3 b4+ 59. Kd2 Bd5 60. Kc2 Bc6 61. Bg6 Bd5 62. Bh7 Bd6 63. Nf2 Bc5 64. Nd1 Bc6 65. Bg6 Bb5 66. Kd2 Bd3 67. Nf2 Bb1 68. Ng4+ Kd5 69. Nf6+ Ke5 70. Ng4+ Kd5 71. Nf6+ Ke5 72. Ng4+ Ke6 73. Kc1 Bd3 74. Kd2 Bd6 75. Nf2 Kd5 76. Nxh3 Bb1 77. Kc1 Bxa2 78. Kc2 Bc5 79. Bf7+ Ke5 80. Nxg5 Bxe3 81. Nh3 Kd4 82. Bc4 Bh6 83. Nf2 Bg7 84. Ng4 e3 85. Be2 Ke4 86. Bd1 Bc3 87. Nh6 Be1 88. Be2 Bf2 89. Nf7 Be1 90. Ng5+ Kf5 91. Nf3 Bc3 92. h3 Bg7 93. Ne1 Ke4 94. Bf3+ Kf5 95. Nd3 e2 96. Bxe2 Bc3 97. Bf3 Ke6 98. Nc1 Bxb3+ 99. Kxb3 Be1 100. g4 Bd2 101. Na2 Ke5 102. h4 Kf4 103. Bd1 Kg3 104. h5 Kh4 105. Kc4 Kg5 106. Kb3 Kh6 107. Kc2 Be1 108. Nc1 Bc3 109. Kb3 Kg5 110. Nd3 Bd2 111. Ne5 Bf4 112. Nd3 Bd2 113. Nc5 Be1 114. Ne4+ Kf4 115. Nd6 Kg5 116. Ka2 Kf6 117. Bb3 Ke5 118. Nf7+ Kf6 119. g5+ Kg7 120. Kb1 Bd2 121. g6 Bf4 122. Kc2 Be3 123. Kd3 Bf4 124. Ke4 1-0

[Event "Ankara Baskent Univ op-B 3rd"]
[Site "Ankara"]
[Date "2018.08.29"]
[Round "4"]
[White "Tastan, Tuna Yasin"]
[Black "Durmaz, Ferhat"]
[Result "1/2-1/2"]
[WhiteElo "1535"]
[BlackElo "1565"]
[PlyCount "121"]
[EventDate "2018.08.27"]
[EventType "swiss"]
[EventRounds "9"]
[EventCountry "TUR"]
[SourceTitle "EXT 2021"]
[Source "ChessBase"]
[SourceDate "2020.10.23"]
[SourceVersion "1"]
[SourceVersionDate "2020.10.23"]
[SourceQuality "1"]

1. e4 d6 2. d4 g6 3. c4 Nf6 4. Nc3 Bg7 5. Be2 0-0 6. Nf3 Nc6 7. d5 Ne5 8. Nxe5 dxe5 9. 0-0 Ne8 10. Be3 f5 11. f3 f4 12. Bf2 g5 13. g4 h5 14. h3 Nf6 15. Kg2 Kf7 16. c5 Rh8 17. Qb3 Kg6 18. Rad1 Rh7 19. Nb5 Bf8 20. Qc3 a6 21. Na3 b5 22. cxb6 cxb6 23. Nc4 Nd7 24. d6 Bg7 25. dxe7 Qxe7 26. Rd6+ Bf6 27. Rfd1 b5 28. Na5 hxg4 29. hxg4 Qf8 30. Qc1 Qh8 31. Rh1 Rxh1 32. Qxh1 Qxh1+ 33. Kxh1 Kf7 34. Nc6 Nf8 35. Na5 Be6 36. a3 Be7 37. Rc6 Rc8 38. Rxc8 Bxc8 39. Nc6 Bf6 40. Kg2 Ne6 41. Kf1 Nd4 42. Nxd4 exd4 43. Bd3 Ke6 44. Ke2 Kd6 45. Be1 Be6 46. Bb4+ Kc6 47. Ba5 Be7 48. Kd2 Bb3 49. Bc2 Bc4 50. Bd3 Be6 51. Kc2 Kd7 52. a4 Kc6 53. axb5+ axb5 54. b4 Bc4 55. Kd2 Kd7 56. Kc2 Kc6 57. Kd2 Be6 58. Kc2 Bg8 59. Kd2 Bb3 60. Bc2 Bc4 61. Bd3 1/2-1/2

[Event "TUR-chT 2nd League"]
[Site "Konya"]
[Date "2018.07.17"]
[Round "3.9"]
[White "Durmaz, Ferhat"]
[Black "Sariisik, Cagdas"]
[Result "1/2-1/2"]
[WhiteElo "1553"]
[BlackElo "1468"]
[PlyCount "43"]
[EventDate "2018.07.16"]
[EventType "team-swiss"]
[EventRounds "9"]
[EventCountry "TUR"]
[SourceTitle "EXT 2019"]
[Source "ChessBase"]
[SourceDate "2018.10.10"]
[SourceVersion "1"]
[SourceVersionDate "2018.10.10"]
[SourceQuality "1"]
[WhiteTeam "Seviye Dernegi"]
[BlackTeam "Yalova Altinkale"]
[WhiteTeamCountry "TUR"]
[BlackTeamCountry "TUR"]

1. d4 Nf6 2. Nf3 d5 3. c4 e6 4. Nc3 c5 5. e3 Be7 6. Bd2 0-0 7. Rc1 cxd4 8. exd4 dxc4 9. Bxc4 b6 10. 0-0 Bb7 11. Be3 Nd5 12. Nxd5 Bxd5 13. Bd3 Nd7 14. Qa4 Bxf3 15. gxf3 Bd6 16. f4 Qh4 17. Qxd7 Qg4+ 18. Kh1 Qf3+ 19. Kg1 Qg4+ 20. Kh1 Qf3+ 21. Kg1 Qg4+ 22. Kh1 1/2-1/2